| 000 | 00383nam a2200157Ia 4500 | ||
|---|---|---|---|
| 008 | 210716s2010 xx 000 0 und d | ||
| 020 | _a9788174467829 | ||
| 041 | _aeng | ||
| 082 | _a174.4 PRAS | ||
| 100 | _aPrabakaran, S. | ||
| 245 | _aBusiness ethics and corporate governance. | ||
| 250 | _a1 | ||
| 260 |
_aNew Delhi _bExcel Books _c2010 |
||
| 300 | _axi,277 | ||
| 650 | _aNone | ||
| 999 |
_c205477 _d205477 |
||